Giáo dục học tiểu học 1 Sách dùng cho hệ cử nhân giáo dục tiểu học

সংরক্ষণ করুন:
গ্রন্থ-পঞ্জীর বিবরন
প্রধান লেখক: Đặng, Vũ Hoạt
অন্যান্য লেখক: Phó, Đức Hòa
বিন্যাস: গ্রন্থ
প্রকাশিত: Hà Nội Đại học sư phạm 2008
বিষয়গুলি:
ট্যাগগুলো: ট্যাগ যুক্ত করুন
কোনো ট্যাগ নেই, প্রথমজন হিসাবে ট্যাগ করুন!
Thư viện lưu trữ: Trung tâm Học liệu Lê Vũ Hùng, Trường Đại học Đồng Tháp
LEADER 01082pam a22003018a 4500
001 00022290
005 20171026081025.0
008 110528s2008 ||||||Viesd
020 |c 52000 
041 0 # |a Vie 
082 1 4 |a 372.01  |b GI108D 
100 1 # |a Đặng, Vũ Hoạt 
245 0 0 |a Giáo dục học tiểu học 1  |b Sách dùng cho hệ cử nhân giáo dục tiểu học  |c Đặng Vũ Hoạt, Phó Đức Hòa 
260 # # |a Hà Nội  |b Đại học sư phạm  |c 2008 
300 # # |a 331 tr.  |c 24 cm. 
504 # # |a Thư muc: tr. 330-331 
653 # # |a Giáo dục học 
653 # # |a Tiểu học 
653 # # |a Giáo trình 
700 1 # |a Phó, Đức Hòa 
852 # # |b Kho giáo trình  |j KGT.0042421, KGT.0042463, KGT.0042399, KGT.0042360 
852 # # |b Kho mượn  |j KGT.0042421 
852 # # |b Kho đọc  |j KD.0015757 
852 # # |j KGT.0042421  |j KGT.0042463  |j KGT.0042399  |j KD.0015757  |j KGT.0042360 
910 0 # |d 10/4/2014 
980 # # |a Trung tâm Học liệu Lê Vũ Hùng, Trường Đại học Đồng Tháp